000 00520nam a2200169Ia 4500
008 090711s9999 xx 000 0 und d
082 _b1703
100 _aइनामदार ना. स.
245 _aशहेनशहा
260 _bकॉन्टीनेन्टल प्रकाशन
_c1999
300 _a715
600 _aइनामदार ना. स.
630 _aशहेनशहा
700 _aइनामदार ना. स.
730 _aशहेनशहा
942 _cBOOK
999 _c336677
_d336677